RECENT ADVANCES IN PLANT BIOTECHNOLOGY SYMPOSIUM

Bibliographic Details
Main Authors: Libiaková, G. (Author), Dedičová, B. (Author), Gajdošová, A. (Author), Krajmerová, D. (Author), Preťová, Anna, 1945- (Author)
Format: Article
Language:English

MARC

LEADER 00000nab a2200000uu 4500
001 vtls011442231
003 SK-MaSNL
005 20260303123319.0
008 230213|1996 xo |||||||||||||||||eng|
015 |a SNBRB 
035 |a (urnnbn)urn:nbn:sk:snk:ar-0031xv 
035 |a (uuid)600d5f7e-4ee7-4318-9642-9057844e51d6 
035 |a urn:nbn:sk:snk-abcgam 
040 |a SNKBUCL  |b slo  |c SNKBUCL  |e AACR2 
041 0 |a eng 
044 |a xo  |c SK 
100 1 |a Libiaková, G.  |4 aut  |9 1139012 
245 1 0 |a RECENT ADVANCES IN PLANT BIOTECHNOLOGY  |b SYMPOSIUM  |c G. Libiaková, D. Krajmerová, B. Dedičová, A. Gajdošová, A. Preťová 
700 1 |a Dedičová, B.  |4 aut  |9 1139013 
700 1 |a Gajdošová, A.  |4 aut  |9 275042 
700 1 |a Krajmerová, D.  |4 aut  |9 1139014 
700 1 |a Preťová, Anna,  |d 1945-  |4 aut  |9 122796 
773 0 |t Biologia : journal of the Slovak Academy of Sciences  |g Roč. 51, č. Suppl. 4 (1996), s. [1]-52 
954 |a odborná, vedecká literatúra pôvodná (slovenská)  |2 lita 
958 |a OND 
958 |a EUIPO 
958 |a article16 
999 |c 1925110  |d 1927040